000 nam a22 7a 4500
999 _c10609
_d10609
008 180219b ||||| |||| 00| 0 eng d
100 _96502
_aVEDAM.C.J
245 _aEASY COMPUTER V
260 _aDELHI
_bGOOD LUCK
_c2016